The translator's invisibility (Record no. 2155)

MARC details
000 -LEADER
fixed length control field 00462 a2200169 4500
001 - CONTROL NUMBER
control field 068493
003 - CONTROL NUMBER IDENTIFIER
control field OSt
005 - DATE AND TIME OF LATEST TRANSACTION
control field 20220218123710.0
008 - FIXED-LENGTH DATA ELEMENTS--GENERAL INFORMATION
fixed length control field
082 ## - DEWEY DECIMAL CLASSIFICATION NUMBER
Classification number 418.0209
Item number V56T
100 1# - MAIN ENTRY--PERSONAL NAME
Personal name Venuti, Lawrence
245 1# - TITLE STATEMENT
Title The translator's invisibility
Statement of responsibility, etc by Lawrence Venuti
260 ## - PUBLICATION, DISTRIBUTION, ETC. (IMPRINT)
Place of publication, distribution, etc London
Name of publisher, distributor, etc Routledge
Date of publication, distribution, etc 2009
300 ## - PHYSICAL DESCRIPTION
Extent 319p.
653 ## - INDEX TERM--UNCONTROLLED
Uncontrolled term Translating and interpreting; English language--Translating
942 ## - ADDED ENTRY ELEMENTS (KOHA)
Source of classification or shelving scheme Dewey Decimal Classification
Koha item type Books
Holdings
Withdrawn status Lost status Source of classification or shelving scheme Damaged status Not for loan Collection code Home library Current library Date acquired Source of acquisition Cost, normal purchase price Total Checkouts Full call number Barcode Date last seen Date checked out Price effective from Koha item type
    Dewey Decimal Classification     General Text Book Central University Of Rajasthan Central University Of Rajasthan 07/03/2012 ENG 1595.00 1 418.0209 V56T 2780 12/09/2024 15/07/2024 02/09/2020 Books